| 000 | 01038cam a2200325Ia 4500 | ||
|---|---|---|---|
| 008 | |||
| 020 | _a00804486664 (pbk.) | ||
| 049 | _aMAIN | ||
| 090 |
_aR850 _bSCH |
||
| 100 | 1 | _aSchulz, Kenneth F. | |
| 245 | 1 | 4 |
_aThe Lancet handbook of essential concepts in clinical research / _cKenneth F. Schulz, David A. Grimes. |
| 260 |
_aEdinburgh ; _aNew York bElsevier, _c2006. |
||
| 300 |
_axi, 223 p. : _bill. ; _c19 cm. |
||
| 440 | 0 | _aLancet handbook series. | |
| 500 | _aIncludex index. | ||
| 504 | _aIncludes bibliographical references. | ||
| 650 | 0 |
_aClinical medicine _xResearch. |
|
| 650 | 0 |
_aMedicine _xResearch. |
|
| 650 | 0 | _aClinical trials. | |
| 650 | 2 | _aBiomedical Research. | |
| 650 | 2 | _aResearch Design. | |
| 650 | 2 |
_aClinical Trials as Topic _xmethods. |
|
| 650 | 2 |
_aClinical Trials as Topic _xstandards. |
|
| 700 | 1 | _aGrimes, David A. | |
| 907 |
_a.b10289161 _b18-01-11 _c05-01-11 |
||
| 003 | |||
| 005 | 20230120204040.0 | ||
| 040 | _cNUST | ||
| 942 |
_cBOOKS _kR850 _mSCH |
||
| 999 |
_c116185 _d116185 |
||